000 01344nam2a2200289 4500
001 rc\3016816
005 20260315064445.0
035 _a(NLR Aleph) 007159071
090 _a13618396
_c13618396
100 _a20110926d1944 u y0rusy50 ca
101 0 _arus
102 _aRU
105 _aa z |||||
200 0 _aˆ[‰Сб. 1]
210 _d1944
215 _a69 с., включ. 1 с. обл. с ил. и черт.
_cил., черт.
_d22 см
300 _aНа 3-й с. указаны составители: А.Б. Фельдман, П.Н. Жильцов, Э.И. Ракито и Н.А. Орлов
461 0 _1001rc\3016812
_12000#$aИзобретения и усовершенствования в железнодорожной связи и СЦБ$e[Сб. статей]$v[Сб. 1]
_97230329
_cМосква
_d1944-1950
_nТрансжелдориздат
_o[Сб. статей]
_tИзобретения и усовершенствования в железнодорожной связи и СЦБ
_v[Сб. 1]
702 1 _aФельдман
_bА.Б.
_gАлексей Бернардович
_4220
702 1 _aЖильцов
_bП.Н.
_4220
702 1 _aРакито
_bЭ.И.
_4220
702 1 _aОрлов
_bН.А.
_4220
801 0 _aRU
_bNLR
_gpsbo
801 1 _aRU
_bELAR
_2rusmarc
852 _aNLR
_jТ88 Г-6/30
942 _cUNSPEC
980 _aNB